000 00708nam a2200205 i 4500
001 89057
003 ES-MaACL
005 20230906180045.0
007 t|
008 050126s2004 ve ||||1| spa d
020 _a980-12-0646-0
080 _a351.83/.84(87)
245 0 1 _a¿Cabemos todos?
_b: los desafíos de la inlcusión /
_cMaría Ramírez Ribes ( compilación y prólogo).
260 _aCaracas :
_bClub de Roma. Capítulo Venezolano,
_c2004.
300 _a426 p. ;
_c23 cm.
500 _aPrecede al tit.: Informe del Capítulo Venezolono del Club de Roma.
651 4 _aVenezuela-
_xPolítica social.
_99524
700 1 _aRamírez Ribes, María.
_995169
852 _aES-MaACL
_jL-28702
_bR.135195
999 _c89057
_d89057